| 000 -LEADER |
| fixed length control field |
00388cam a22001097a 4500 |
| 008 - FIXED-LENGTH DATA ELEMENTS--GENERAL INFORMATION |
| fixed length control field |
180718b1983 xxu||||| |||| 00| 0 eng d |
| 082 ## - DEWEY DECIMAL CLASSIFICATION NUMBER |
| Classification number |
YA6053 Ab87 (R) |
| 245 ## - TITLE STATEMENT |
| Title |
Abridged glossary of technical terms for use in forest colleges |
| 260 ## - PUBLICATION, DISTRIBUTION, ETC. |
| Place of publication, distribution, etc. |
Dehradun |
| Name of publisher, distributor, etc. |
Forest Research Institute and Colleges |
| Date of publication, distribution, etc. |
1983 |
| 300 ## - PHYSICAL DESCRIPTION |
| Extent |
226p. |
| 650 ## - SUBJECT ADDED ENTRY--TOPICAL TERM |
| Topical term or geographic name entry element |
Technology - Terminology - Glossaries, vocabularies, etc. |